[Event "AUTO-OPEN-4634"]
[Site "http://www.queenalice.com/game.php?id=1868031"]
[Date "2026.1.15"]
[Round "1"]
[White "chessman"]
[Black "ricardoguevara"]
[Result "1-0"]
[WhiteElo "2013"]
[BlackElo "1420"]

1. e4 e5 2. Nf3 Nc6 3. Bb5 Nf6 4. O-O Bd6 5. d4 O-O 6. Bxc6 dxc6 7. dxe5 Bg4 8.
exd6 cxd6 9. Nc3 d5 10. exd5 cxd5 11. Bg5 Bxf3 12. Qxf3 d4 13. Bxf6 gxf6 14. Ne4
b5 15. Nxf6+ Kg7 16. Nh5+ Kh8 17. Qg3 Rg8 18. Qe5+ Rg7 19. Qxg7# 1-0

[Event "AUTO-OPEN-4634"]
[Site "http://www.queenalice.com/game.php?id=1868032"]
[Date "2026.1.15"]
[Round "1"]
[White "ricardoguevara"]
[Black "chessman"]
[Result "0-1"]
[WhiteElo "1453"]
[BlackElo "2018"]

1. e4 e6 2. Nf3 d5 3. d3 dxe4 4. Ng5 exd3 5. cxd3 Bb4+ 6. Bd2 Bxd2+ 7. Nxd2 Nf6
8. Be2 O-O 9. O-O c5 10. Nc4 Nc6 11. Rc1 b6 12. a3 Nd4 13. b4 Nxe2+ 14. Qxe2
cxb4 15. axb4 h6 16. Ne4 Bb7 17. Nxf6+ Qxf6 18. Nd6 Bd5 19. d4 Qxd4 20. Rc7 Qxb4
21. Nxf7 Rxf7 22. Rxf7 Kxf7 23. Qh5+ Kg8 24. h4 a5 25. f4 Qd4+ 26. Kh1 Rc8 27.
Qd1 Qe4 28. Qg4 Rc2 29. Rg1 Rxg2 30. Rxg2 Qxg2+ 31. Qxg2 Bxg2+ 32. Kxg2 b5 33.
Kf2 Kf7 34. Ke2 Kf6 35. Kd3 Kf5 36. Kd4 Kxf4 37. Kc5 a4 38. Kxb5 a3 0-1

[Event "AUTO-OPEN-4634"]
[Site "http://www.queenalice.com/game.php?id=1868055"]
[Date "2026.1.15"]
[Round "1"]
[White "maurice916"]
[Black "ricardoguevara"]
[Result "1-0"]
[WhiteElo "1836"]
[BlackElo "1451"]

1. Nf3 d5 2. e3 Nf6 3. b3 Nc6 4. Bb2 e5 5. Nxe5 Ne4 6. Bb5 Bd7 7. Nxd7 Qxd7 8.
Nc3 O-O-O 9. Nxe4 dxe4 10. Qe2 f5 11. O-O-O Qd5 12. Bc4 Qc5 13. Kb1 Ne5 14. Bd4
Qd6 15. f3 exf3 16. gxf3 g5 17. c3 f4 18. e4 Nxc4 19. Bxh8 Na3+ 20. Kb2 Be7 21.
Bd4 Rg8 22. d3 h5 23. e5 Qa6 24. c4 g4 25. Rhg1 c5 26. Bc3 b5 27. Qe4 b4 28. Bd2
Rh8 29. Bxf4 gxf3 30. Qa8+ Kd7 31. Qxh8 Nxc4+ 32. dxc4+ Kc7 33. e6+ Kc6 34. Qe8+
Kb6 35. Qxe7 Qa3+ 36. Kb1 f2 37. Qc7+ Ka6 38. Rd6# 1-0

[Event "AUTO-OPEN-4634"]
[Site "http://www.queenalice.com/game.php?id=1868056"]
[Date "2026.1.15"]
[Round "1"]
[White "ricardoguevara"]
[Black "maurice916"]
[Result "0-1"]
[WhiteElo "1449"]
[BlackElo "1838"]

1. e4 c6 2. Nf3 d5 3. d3 dxe4 4. Ng5 Nh6 5. Nxe4 Nf5 6. Nbc3 e6 7. Be2 Nd7 8.
O-O Nf6 9. Bg5 Be7 10. Nxf6+ gxf6 11. Bh4 Nxh4 12. Ne4 Rg8 13. c4 Rxg2+ 14. Kh1
Qd4 15. Bf3 Rg8 16. Rg1 Rxg1+ 17. Qxg1 Nxf3 18. Qg8+ Kd7 19. Qxh7 Qxd3 20. Nc5+
Bxc5 21. Qxd3+ Nd4 22. Qh7 Ke7 23. Rg1 Bd7 24. Rg8 Rxg8 25. Qxg8 b5 26. cxb5
Nxb5 27. h3 Bxf2 28. b3 c5 29. Qb8 Bc6+ 30. Kh2 e5 31. Qh8 Be3 32. Qh4 Bf4+ 33.
Kg1 Nd4 34. Qf2 Nf5 35. Qxc5+ Kd7 36. Qxa7+ Kd6 37. Qxf7 Bg5 38. Qf8+ Kd5 39.
Qf7+ Ke4 40. Qc4+ Nd4 41. a4 Be3+ 42. Kg2 Kf4+ 43. Kf1 Be4 44. a5 f5 45. a6 Kg3
46. Qg8+ Kf4 47. a7 Bd3+ 48. Kg2 Be4+ 49. Kf1 Bd3+ 50. Ke1 Nf3+ 51. Kd1 Bxa7 52.
Qd5 Bd4 53. b4 Be4 54. Qe6 Ke3 55. Qh6+ Kd3 56. Qc1 Bc3 57. Qc2+ Kc4 58. Qa2+
Kxb4 0-1

[Event "AUTO-OPEN-4634"]
[Site "http://www.queenalice.com/game.php?id=1868069"]
[Date "2026.1.15"]
[Round "1"]
[White "pomar"]
[Black "ricardoguevara"]
[Result "1-0"]
[WhiteElo "1979"]
[BlackElo "1397"]

1. f3 e5 2. Kf2 Bc5+ 3. e3 Nf6 4. c4 O-O 5. d4 exd4 6. exd4 Bb6 7. b4 d6 8. Nc3
c5 9. dxc5 dxc5 10. b5 Qxd1 11. Nxd1 Nbd7 12. Bb2 Ne5 13. Bxe5 Bf5 14. Bxf6 gxf6
15. Ne3 Be6 16. Bd3 Rad8 17. Rd1 f5 18. Ne2 a6 19. bxa6 bxa6 20. Nxf5 Bxf5 21.
Bxf5 Rxd1 22. Rxd1 a5 23. Rd6 Bc7 24. Rh6 Rd8 25. Bxh7+ Kg7 26. Rh3 Kf6 27. Be4
Rd2 28. Ke3 Rxa2 29. Rh6+ Ke7 30. h4 a4 31. g4 Ra3+ 32. Kd2 Ra2+ 33. Kd3 a3 34.
Nc3 Rh2 35. Nb5 Bf4 36. Nxa3 Ra2 37. Ra6 Rd2+ 38. Kc3 Rf2 39. g5 Be5+ 40. Kd3
Rh2 41. Rh6 Bf4 42. Rh7 Rd2+ 43. Kc3 Ra2 44. Kb3 Rh2 45. Bd5 Bc1 46. Bxf7 Rb2+
47. Kc3 Ra2 48. Nb5 1-0

[Event "AUTO-OPEN-4634"]
[Site "http://www.queenalice.com/game.php?id=1868070"]
[Date "2026.1.15"]
[Round "1"]
[White "ricardoguevara"]
[Black "pomar"]
[Result "0-1"]
[WhiteElo "1451"]
[BlackElo "1942"]

1. e4 e6 2. Nf3 d5 3. d3 dxe4 4. Ng5 exd3 5. Bxd3 h6 6. Ne4 Bd7 7. O-O Nf6 8.
Nxf6+ Qxf6 9. Nd2 Nc6 10. Ne4 Qe5 11. Be3 Qxb2 12. Nc5 b6 13. Nxd7 Kxd7 14. Be4+
Nd4 15. Bxd4 Qb4 16. Bc3+ Qd6 17. Bc6+ Kxc6 18. Qf3+ Qd5 19. Qxf7 e5 20. Qxd5+
Kxd5 21. Rad1+ Ke6 22. Rfe1 Bd6 23. a4 Rhe8 24. a5 Kf7 25. axb6 axb6 26. g3 Ra2
27. Rd3 Rxc2 28. Ba1 Bc5 29. Rd7+ Kf6 30. Rxc7 Bxf2+ 31. Kf1 Rxc7 32. Kxf2 Kf5
33. h3 Rc2+ 34. Kf1 g5 35. g4+ Kf4 36. Rb1 e4 37. Rxb6 Rc1+ 38. Ke2 Rxa1 39.
Rf6+ Kg3 40. Ke3 Kxh3 41. Rxh6+ Kxg4 42. Rh2 Kg3 43. Rh5 g4 44. Rf5 Ra3+ 45. Kd4
e3 46. Rf1 e2 47. Re1 Kf2 0-1

[Event "AUTO-INT-3957"]
[Site "http://www.queenalice.com/game.php?id=1868107"]
[Date "2026.1.17"]
[Round "1"]
[White "ricardoguevara"]
[Black "Jomaley"]
[Result "1-0"]
[WhiteElo "1432"]
[BlackElo "1508"]

1. e4 e5 2. Nf3 Bd6 3. Bc4 Qf6 4. d3 Bb4+ 5. Bd2 a5 6. Bxb4 axb4 7. O-O c5 8. c3
bxc3 9. bxc3 Ne7 10. Nbd2 g5 11. a4 b6 12. Bd5 Nxd5 13. exd5 d6 14. Ne4 Qe7 15.
Nfxg5 f6 16. Nf3 Qg7 17. Nxd6+ Kd7 18. Nf5 Qf8 19. d4 cxd4 20. cxd4 exd4 21.
Qxd4 b5 22. Qe4 Bb7 23. Rac1 Rxa4 24. Qe6+ Kd8 25. Qb6+ Ke8 26. Rce1+ Kf7 27.
Qxb7+ Kg6 28. N5h4+ Rxh4 29. Nxh4+ Kh5 30. Nf5 Rg8 31. Ng3+ Kg6 32. Qxb5 h5 33.
Qd3+ Kg7 34. Nxh5+ Kf7 35. d6 Rxg2+ 36. Kxg2 Qg8+ 37. Kf3 Qg5 38. Qh7+ Kf8 39.
Qe7+ Kg8 40. Nxf6+ Kh8 41. Qh7# 1-0

[Event "AUTO-INT-3957"]
[Site "http://www.queenalice.com/game.php?id=1868124"]
[Date "2026.1.17"]
[Round "1"]
[White "ricardoguevara"]
[Black "ChessColossos"]
[Result "1-0"]
[WhiteElo "1418"]
[BlackElo "1580"]

1. e4 e5 2. Nf3 Nc6 3. Bb5 a6 4. Bxc6 dxc6 5. O-O Bd6 6. Nc3 Nf6 7. d3 Bg4 8.
Qe1 Bxf3 9. gxf3 Nh5 10. Ne2 Qf6 11. Ng3 Qxf3 12. Nxh5 1-0

[Event "AUTO-INT-3957"]
[Site "http://www.queenalice.com/game.php?id=1868125"]
[Date "2026.1.17"]
[Round "1"]
[White "ChessColossos"]
[Black "ricardoguevara"]
[Result "0-1"]
[WhiteElo "1558"]
[BlackElo "1440"]

1. e4 e5 2. Nf3 d6 3. d4 Bg4 4. Be2 Nf6 5. Bg5 Be7 6. Nc3 O-O 7. O-O Bxf3 8.
Bxf3 Nc6 9. Bxf6 Bxf6 10. d5 Nd4 11. Qd3 c6 12. dxc6 bxc6 0-1

[Event "AUTO-INT-3957"]
[Site "http://www.queenalice.com/game.php?id=1868126"]
[Date "2026.1.17"]
[Round "1"]
[White "ricardoguevara"]
[Black "EdsonEstevam"]
[Result "0-1"]
[WhiteElo "1457"]
[BlackElo "1760"]

1. e4 e5 2. Nf3 Nc6 3. Bb5 Nge7 4. O-O a6 5. Bc4 Ng6 6. d4 Be7 7. dxe5 Ncxe5 8.
b3 d6 9. Nc3 Bg4 10. Qd5 Bxf3 11. Bf4 Nxf4 12. gxf3 c6 13. Qd4 Nxf3+ 14. Kh1
Nxd4 15. e5 dxe5 16. Rfe1 Nxc2 17. Rad1 Nd4 18. Ne4 O-O 19. Ng3 Bd6 20. Bd3 Bc5
21. Rxe5 Bb6 22. a4 Bc7 23. Re4 c5 24. b4 b6 25. b5 a5 26. Bb1 Re8 27. Nf5 Qg5
28. Rxe8+ Rxe8 29. Ng3 Nfe2 30. Ne4 Qh4 31. Bd3 Qxh2# 0-1

[Event "AUTO-INT-3957"]
[Site "http://www.queenalice.com/game.php?id=1868127"]
[Date "2026.1.17"]
[Round "1"]
[White "EdsonEstevam"]
[Black "ricardoguevara"]
[Result "1-0"]
[WhiteElo "1756"]
[BlackElo "1461"]

1. e3 e5 2. d4 f6 3. Nc3 Bb4 4. Bd2 Nc6 5. Nge2 d6 6. a3 Bxc3 7. Nxc3 Bf5 8. Bb5
Ne7 9. O-O O-O 10. Re1 a6 11. Bxc6 Nxc6 12. h3 exd4 13. Nd5 dxe3 14. Bxe3 Na5
15. Qf3 Nc4 16. Qxf5 Nxe3 17. Rxe3 c6 18. Nf4 Qc7 19. Ne6 Qf7 20. Nxf8 Qxf8 21.
Qe6+ Kh8 22. Rae1 h5 23. Qf5 d5 24. Qxh5+ Kg8 25. Qg6 Qf7 26. Qg3 d4 27. Re7 Qf8
28. Rxb7 Re8 29. Rxe8 Qxe8 30. Qxg7# 1-0